000 01219cam a2200349 i 4500
001 120512
005 20230410123612.0
008 150813s2010 fr a 000 0 fre
020 _a9782254104093
041 0 _afre
050 1 4 _aKJV 7979
_bP896d 2010
082 0 0 _a345.44
100 1 _aPradel, Jean
_e1933-.
245 0 0 _aDroit pénal général /
_cJean Pradel.
250 _a18e ed.
260 _aParis :
_bÉd. Cujas,
_c2010.
300 _a726 p. ;
_c24 cm.
440 0 _aRéférences Paris, 1982.
500 _aEn appendice, choix de textes législatifs
503 _aIncluye bibliografía e indice.
650 4 _aIDEF
650 4 _aInstitut international du droit d'expression et inspiration francaises.
650 4 _aEl derecho penal
_zFrancia
650 4 _aDerecho Penal
_zFrancia
_xmanuales de educación superior.
650 4 _aInfracciones
_zFrancia
_xmanuales de educación superior.
650 6 _aDroit pénal
_zFrance.
650 6 _aDroit pénal
_zFrance
_xManuels d'enseignement supérieur.
650 6 _aInfractions
_zFrance
_xManuels d'enseignement supérieur.
710 2 _aInstitut international du droit d'expression et inspiration francaises.
942 _2lcc
_cbk
946 _almd
999 _c64699
_d64699